000 00288nam a22001337a 4500
020 _a978-81-907826-5-4
082 _a823
_bCER/D
100 _aCERVANTES, MIGUEL DE
245 _aDON QUIXOTE
260 _aDELHI
_bMAPLE PRESS
_c2008
300 _a461
650 _aNOVEL
_zINDIA
942 _cBK
999 _c2998
_d2998